| 000 | 00358nam a22001337a 4500 | ||
|---|---|---|---|
| 082 |
_a894.812.3 _bSAN/K |
||
| 245 | _aKAKKARADESATHE URUMPUKAL | ||
| 246 |
_aKAKKARADESATHE URUMPUKAL _bKAKKARADESATHE URUMPUKAL |
||
| 260 |
_aKOZHIKODE, KERALA, INDIA _bMATHRUBHUMI _c2023 |
||
| 300 | _a88 | ||
| 520 | _aSTORIES OF ANTS | ||
| 650 | _aMALAYALAM STORIES | ||
| 942 | _cBK | ||
| 999 |
_c8662 _d8662 |
||